LEADER 01292nam a2200289 i 4500 001 000000132551 003 CaOOAMICUS 005 20070509000000.0 008 070509s1986 it u000 u ita u 013 $a105509 040 $aSeMil$bita 100 1 $aHelewa, Giovanni .$0(OLS)http://semarc/name/54566 245 13$aLa spiritualitą cristiana :$bfondamenti biblici e sintesi storica /$cGiovanni Helewa, Ermanno Ancilli. 260 $aMilano :$bO.R.,$c1986. 260 $aRoma :$bOCD,$c1986. 300 $a178 p. ;$c21 cm. 500 $aContiene : Bibliografia. 650 4$aBibbia - Spiritualitą - AT.$0(OLS)http://semarc/subject/1161 650 4$aBibbia - Spiritualitą - NT.$0(OLS)http://semarc/subject/9739 650 4$aCristianesimo - Spiritualitą.$0(OLS)http://semarc/subject/2807 700 1 $aAncilli, Ermanno,$c.$0(OLS)http://semarc/name/103 850 $aSeMil 852 $aSeMil$W1$xVenegono$y1$m2C II 528$j86459$B86459$CSeMilBibl$Z2$F122948 $81 961 $aLascito: Maggi mons. Francesco 996 $6245$aLa spiritualitą cristiana :$bfondamenti biblici e sintesi storica$9(OLS)http://semarc/title/194669 996 $6260$aRoma :$bOCD$9(OLS)http://semarc/publisher/32103 996 $6260$aMilano :$bO.R.$9(OLS)http://semarc/publisher/29789 LEADER 01246nam a2200277 i 4500 001 000000182866 003 CaOOAMICUS 005 20091031000000.0 008 091031s1988 it u000 u ita u 013 $a160827 020 $a88-307-0173-4 040 $aSeMil$bita 245 10$aLiberazione nella Terra degli afflitti :$bChiesa e terra in Brasile /$cprefazione di dom Pedro Casaldįliga ; a cura di Gabriele Colleoni. 260 $aBologna :$bEMI,$c1988. 300 $a252 p. ;$c19 cm. 490 0 $aQuaderni EMI/Sud ;$vNumero17. Sezione Asal 500 $aContiene : Appendice ; Note bibliografiche. 650 4$aBrasile.$0(OLS)http://semarc/subject/8068 700 1 $aColleoni, Gabriele.$0(OLS)http://semarc/name/67337 700 1 $aCasaldįliga, Pedro.$0(OLS)http://semarc/name/54683 830 0$aQuaderni EMI/Sud ;$vNumero17. Sezione Asal.$0(OLS)http://semarc/title/20 850 $aSeMil 852 $aSeMil$W1$xVenegono$y1$m3E I 288$j133570$B133570$CSeMilBibl$Z2$F145340 $81 996 $6020$a88-307-0173-4$9(OLS)http://semarc/number/172528 996 $6245$aLiberazione nella Terra degli afflitti :$bChiesa e terra in Brasile$9(OLS)http://semarc/title/262421 996 $6260$aBologna :$bEMI$9(OLS)http://semarc/publisher/29618